Movies Quiz

Random Movies or Box Office Quiz

Top of the Box Office (2012) Quiz Stats

Quiz Updated Aug 12, 2016

Challenge
Share
Tweet
Embed
Score 0/20 Timer 05:00
0 Plays Today
Gross Movie % Correct
$1,084.9mThe Dark Knight Rises
83.6%
$1,519.6mThe Avengers
75.2%
$549.4mTed
69.7%
$1,021.1mThe Hobbit: An Unexpected Journey
62%
$1,108.6mSkyfall
49.9%
$609.0mLife of Pi
45.2%
$403.4mPrometheus
40.7%
$757.9mThe Amazing Spider-Man
40.7%
$694.4mThe Hunger Games
36.5%
$829.7mThe Twilight Saga: Breaking Dawn - Part 2
36.1%
Gross Movie % Correct
$441.8mLes Misérables
30.7%
$539.0mBrave
24.6%
$425.4mDjango Unchained
24.5%
$471.2mWreck-It Ralph
19.6%
$624.0mMen in Black 3
19.5%
$877.2mIce Age: Continental Drift
16.3%
$376.1mTaken 2
16.3%
$396.6mSnow White and the Huntsman
14.1%
$746.9mMadagascar 3: Europe's Most Wanted
14%
$426.6mThe Intouchables
3.5%

You're not logged in!

Compare scores with friends on all Sporcle quizzes.
Sign Up with Email
OR
Log In

You Might Also Like...

Show Comments

Extras

Top Quizzes Today


Score Distribution

Your Account Isn't Verified!

In order to create a playlist on Sporcle, you need to verify the email address you used during registration. Go to your Sporcle Settings to finish the process.